1 Billion streams club : Adele - Statistics

General Stats
  • This quiz has been taken 8 times
  • The average score is 6 of 10
Answer Stats
Album Song Streams % Correct
25 Hello 1.8B
100%
Skyfall : Original Motion Picture Soundtrack Skyfall 1.3B
100%
21 Rolling in the Deep 2.4B
86%
21 Set Fire To The Rain 2.3B
86%
30 Easy On Me 2.4B
71%
25 When We Were Young 1.6B
57%
21 Someone Like You 2.6B
43%
25 Send My Love (To Your New Lover) 1.3B
29%
25 Love In The Dark 1.2B
14%
19 Make You Feel My Love 1.3B
14%
No matching quizzes found
Score Distribution
Percent of People with Each Score
Percentile by Number Answered
Your Score History
You have not taken this quiz